[Event "Buenos Aires GyE"]
[Site "Buenos Aires"]
[Date "1992.??.??"]
[Round "4"]
[White "Studenetzky, Moises"]
[Black "Fabrega, Enrique"]
[Result "0-1"]
[WhiteElo "2220"]
[BlackElo "2260"]

1.d4 Nf6 2.Bg5 Ne4 3.Bf4 e6 4.f3 Nf6 5.e4 d5 6.Nc3 Bb4 7.e5 Nfd7 8.a3 Bxc3+
9.bxc3 c5 10.Nh3 Nc6 11.Be3 Qa5 12.Qd2 O-O 13.Be2 Nb6 14.dxc5 Nd7 15.O-O Ncxe5
16.f4 Nc6 17.f5 Nxc5 18.Qe1 exf5 19.Nf4 Ne4 20.Bd3 Qxc3 21.Qh4 Qf6 22.Qh3 Be6
23.Nh5 Qg6 24.Rf4 d4 25.Bc1 Ne5 26.Qh4 Rad8 27.Rb1 Nc3 28.Rxb7 Bd5 29.Ng3 Nxd3  0-1

[Event "Buenos Aires ITT"]
[Site "Buenos Aires"]
[Date "1992.??.??"]
[Round "5"]
[White "Tempone, Marcelo"]
[Black "Tanner, Pedro"]
[Result "1/2-1/2"]
[WhiteElo "2455"]
[BlackElo "2305"]

1.d4 Nf6 2.Bg5 Ne4 3.Bf4 d5 4.Nd2 e6 5.Ngf3 Bd6 6.Bg3 c5 7.e3 cxd4 8.exd4 Nc6
9.c3 Qc7 10.Bd3 f5 11.Bxd6 Qxd6 12.O-O O-O 13.Re1 Qf4 14.Nf1 Bd7 15.Qc1 Qc7
16.Bb5 Rf6 17.Bxc6 bxc6 18.Ne5 Be8 19.f3 Nd6 20.Nd3 Nb7 21.c4 dxc4 22.Qxc4 Nd6
23.Qc2 Nb5 24.Nc5  1/2-1/2

[Event "Candas op"]
[Site "Candas"]
[Date "1992.??.??"]
[Round "3"]
[White "Hodgson, Julian M"]
[Black "Hebden, Mark"]
[Result "1-0"]
[WhiteElo "2545"]
[BlackElo "2500"]

1.d4 Nf6 2.Bg5 Ne4 3.h4 d5 4.Nd2 Nxd2 5.Bxd2 e5 6.dxe5 Nc6 7.Bg5 Be7 8.Nf3 Bg4
9.Qd2 Qd7 10.O-O-O O-O-O 11.Qf4 f6 12.exf6 gxf6 13.Bh6 d4 14.e4 Bd6 15.Qd2 Qe6
16.Kb1 Nb4 17.b3 Qxe4 18.Bc4 Rhe8 19.Rde1 Qg6 20.h5 Rxe1+ 21.Nxe1 Qf5 22.Rh4 Re8
23.Nf3 Bxf3 24.gxf3 Re1+ 25.Kb2 Nxc2 26.Re4 Qxf3 27.Rxe1 Nxe1 28.Qxe1 Be5
29.Qg1 c6 30.Qg8+ Kc7 31.Qxh7+ Kb6 32.Qd3 Qxf2+ 33.Bd2 Bf4 34.Kc2 Bxd2 35.Qxd2 Qf5+
36.Kb2 Qxh5 37.Qb4+  1-0

[Event "Cannes op"]
[Site "Cannes"]
[Date "1992.??.??"]
[Round "?"]
[White "Bibby, Simon"]
[Black "Hamdouchi, Hichem"]
[Result "0-1"]
[WhiteElo "2270"]
[BlackElo "2435"]

1.d4 Nf6 2.Bg5 Ne4 3.Bf4 c5 4.f3 Nf6 5.d5 Qb6 6.e4 Qxb2 7.Nd2 Qb4 8.Bc7 d6
9.Ne2 c4 10.c3 Qc5 11.Bxb8 Rxb8 12.Nd4 g6 13.Bxc4 Bh6 14.Bb5+ Bd7 15.Bxd7+ Nxd7
16.Rc1 O-O 17.Qe2 Qa3 18.Rc2 Rfc8 19.N2b3 Nc5 20.O-O Nxb3 21.Nxb3 a5 22.Qd3 Bg7
23.Rb1 Rc7 24.Kf1 Rbc8 25.c4 Bh6 26.Qe2 b5 27.Nd4 Rxc4 28.Nc6 Rxc2 29.Qxc2 Kf8
30.Rxb5 Qe3 31.Rb3 Qf4 32.g3 Qf6 33.Qb2 e5 34.Kg2 Kg7 35.Rb7 Be3 36.Rd7 h5
37.f4 Bd4 38.fxe5 dxe5 39.Nxd4 exd4 40.Qe2 Rc3 41.e5 Qf5 42.e6 d3 43.Qb2 Qe4+
44.Kh3 Qg4+ 45.Kg2 Qe4+ 46.Kh3 Qg4+ 47.Kg2 Qd4 48.e7 Rc2+ 49.Qxc2 Qe4+  0-1

[Event "Cannes op"]
[Site "Cannes"]
[Date "1992.??.??"]
[Round "?"]
[White "Legky, Nikolay A"]
[Black "Rotstein, Arkadij"]
[Result "0-1"]
[WhiteElo "2445"]
[BlackElo "2410"]

1.d4 Nf6 2.Bg5 Ne4 3.Bf4 c5 4.d5 Qb6 5.Bc1 g6 6.f3 Nd6 7.e4 Bg7 8.Nd2 O-O
9.f4 e6 10.e5 Nf5 11.Nc4 Qd8 12.Ne3 Nxe3 13.Bxe3 d6 14.Nf3 dxe5 15.dxe6 Bxe6
16.Nxe5 Nd7 17.Nxd7 Bxd7 18.c3 Qh4+ 19.g3 Qe7 20.Kf2 Rfe8 21.Qe2 Bb5 22.Qxb5 Qxe3+
23.Kg2 Qe4+ 24.Kg1 Rad8 25.h3 Qf3 26.Rh2 Qxg3+ 27.Rg2 Qe3+ 28.Rf2 Bf6 29.Kg2 Bh4
30.Re2 Qg3+ 31.Kh1 Qf3+ 32.Kg1 Re3 33.Qc4 b5 34.Qxb5 Qxf4 35.Bg2 Qe5 36.Rxe3 Qxe3+
37.Kh1 Rd2 38.Rf1 Bg3 39.Qc4 Rf2 40.Rxf2 Qxf2 41.b4 Qe1+ 42.Qf1 cxb4 43.Qxe1 Bxe1
44.cxb4 Bxb4 45.Be4 Kg7 46.Kg2 f5 47.Bf3 Bd6 48.a4 Kf6 49.Bc6 Kf7 50.Bd5+ Ke7
51.Bc6 g5 52.Bb7 h5 53.Bc8 Kf6 54.Bd7 g4  0-1

[Event "Cannes op"]
[Site "Cannes"]
[Date "1992.??.??"]
[Round "?"]
[White "Legky, Nikolay A"]
[Black "Bouaziz, Slim"]
[Result "1-0"]
[WhiteElo "2445"]
[BlackElo "2385"]

1.d4 Nf6 2.Bg5 Ne4 3.Bh4 c5 4.dxc5 Qa5+ 5.Nd2 Nxd2 6.Qxd2 Qxd2+ 7.Kxd2 Na6
8.Rd1 Nxc5 9.Kc1 g6 10.e3 Bg7 11.Ne2 a6 12.Nf4 e6 13.f3 b5 14.Be2 Bb7 15.Rd2 d5
16.Kb1 Rc8 17.Bf2 Na4 18.Nd3 O-O 19.Bg3 Nb6 20.b3 Bc3 21.Rdd1 Rfd8 22.h4 Nd7
23.h5 Bg7 24.Rh2 e5 25.Bh4 Re8 26.hxg6 hxg6 27.Nf2 Rc3 28.e4 d4 29.Bg5 Rec8
30.Bd3 Nc5 31.Ng4 Nxd3 32.cxd3 R8c6 33.Bh6 Bxh6 34.Nxh6+ Kf8 35.Nxf7 Kxf7
36.Rh7+ Kf6 37.Rxb7 Rc2 38.Rb6 Kg5 39.g3 R6c3 40.Rf1 Rh2 41.f4+ exf4 42.gxf4+ Kh5
43.Rb8 Rg2 44.Rg8 Rcc2 45.Rh1+ Kg4 46.Rxg6+ Kxf4 47.Rxa6 Rb2+ 48.Ka1 Rbd2
49.Re1 Rxd3 50.Rf6+ Ke5 51.Rf5+ Ke6 52.Rxb5 Re3 53.Rh1 Rxe4 54.Rb6+ Ke5 55.Rh5+ Kf4
56.Rf6+ Ke3 57.Rh3+ Kd2 58.Kb2 d3 59.a4 Kd1+ 60.Kc3 d2 61.Rd6 Kc1 62.Rhd3 Re8
63.b4 Rc8+ 64.Kb3 Rc2 65.a5 Rb2+ 66.Ka4 Rg4 67.Rc3+ Rc2 68.Rxc2+ Kxc2 69.a6 Kc3
70.Rxd2 Rxb4+ 71.Ka5 Rb1 72.Ra2  1-0

[Event "Cannes op"]
[Site "Cannes"]
[Date "1992.??.??"]
[Round "?"]
[White "Bibby, Simon"]
[Black "Gachon, Lionel"]
[Result "0-1"]
[WhiteElo "2270"]
[BlackElo "2270"]

1.d4 Nf6 2.Bg5 Ne4 3.Bf4 c5 4.f3 Qa5+ 5.c3 Nf6 6.d5 d6 7.e4 e5 8.Be3 Be7
9.Bd3 O-O 10.Ne2 Ne8 11.Nd2 g6 12.Bh6 Ng7 13.h4 Qd8 14.h5 Bg5 15.hxg6 fxg6
16.Bxg5 Qxg5 17.Rh2 Nh5 18.Qc2 a6 19.O-O-O b5 20.c4 bxc4 21.Bxc4 Nd7 22.Kb1 Nb6
23.Qd3 Bd7 24.g4 Nf4 25.Qe3 Bb5 26.Bxb5 axb5 27.Rdh1 Rf7 28.Nxf4 exf4 29.Qd3 c4
30.Qd4 Nd7 31.b3 Qe5 32.Qxe5 Nxe5 33.bxc4 bxc4 34.Rc1 Rb7+ 35.Ka1 Rb4 36.Rhh1 Ra3
37.Rhf1 Rd3 38.Rc2 Kg7 39.Rfc1 Rd4 40.Rb1 Rxb1+ 41.Kxb1 c3 42.Nb3 Rc4 43.a4 Nxf3
44.a5 Ne1 45.Rc1 c2+ 46.Ka2 Nd3  0-1

[Event "Cannes team g/60"]
[Site "Cannes"]
[Date "1992.??.??"]
[Round "1"]
[White "Hodgson, Julian M"]
[Black "Miralles, Gilles"]
[Result "1/2-1/2"]
[WhiteElo "2545"]
[BlackElo "2470"]

1.d4 Nf6 2.Bg5 Ne4 3.Bf4 d5 4.Nd2 Nxd2 5.Qxd2 Bf5 6.e3 e6 7.Bd3 Bg6 8.Nf3 Bd6
9.h4 Bxd3 10.Qxd3 Bxf4 11.exf4 Qd6 12.f5 Nc6 13.O-O O-O 14.fxe6 Qxe6 15.Rfe1 Qg4
16.c3 a6 17.Re3 Rfe8 18.Rae1 Rxe3 19.Rxe3 g6 20.g3 Qd7 21.Qe2 Kf8 22.h5 Re8
23.Kg2 f6 24.Nh2 Rxe3 25.Qxe3 Kg7 26.Qf4 g5 27.Qe3 h6 28.f4 Qf5 29.fxg5 hxg5
30.Qe2 Nd8 31.Qe7+ Nf7 32.h6+ Kg6 33.h7 Qc2+ 34.Kg1 Qd1+ 35.Nf1 Qh5 36.Qxc7 Qxh7
37.Qxb7 g4 38.Qxa6 Ng5 39.Qd3+ f5 40.Qa6+ Kh5 41.Qf6 f4 42.Qe5 f3 43.Qe8+ Kh6
44.Qf8+ Kh5 45.Qe8+ Kh6 46.Qf8+ Kh5 47.Qe8+ Kh6  1/2-1/2

[Event "Cappelle op"]
[Site "Cappelle la Grande"]
[Date "1992.??.??"]
[Round "5"]
[White "Hodgson, Julian M"]
[Black "Lanka, Zigurds"]
[Result "1-0"]
[WhiteElo "2545"]
[BlackElo "2490"]

1.d4 Nf6 2.Bg5 Ne4 3.Bf4 c5 4.d5 Qb6 5.Nd2 Nxd2 6.Bxd2 Qxb2 7.e4 Qe5 8.Bd3 Qc7
9.f4 c4 10.Be2 e6 11.e5 exd5 12.Bc3 b5 13.Qxd5 Bb7 14.Qxb5 Bxg2 15.Bf3 Bxh1
16.Bxh1 Nc6 17.Ne2 Qb6 18.Qxc4 Bc5 19.Rd1 O-O 20.Kf1 Rac8 21.Be4 Ne7 22.Qd3 Qh6
23.Qg3 d5 24.exd6 Rcd8 25.d7 Kh8 26.f5 Ng8 27.Nf4 Nf6 28.Bc6 Rg8 29.h4 Be7
30.Qg5 Qxg5 31.hxg5 Ng4 32.f6 gxf6 33.Nd5 Bc5 34.Nxf6 Ne3+ 35.Ke2 Nxd1 36.Kxd1 Rg6
37.Bb5 Bb6 38.a4 h5 39.Nxh5+ Kh7 40.Nf6+ Kg7 41.Nd5+ Kg8 42.Ne7+ Kh7 43.Nxg6 Kxg6
44.Bf6 Kf5 45.c4 Ke4 46.Ke2 Ba5 47.Bc6+ Kf5 48.Kf3 Ke6 49.Bxd8 Bxd8 50.Kg4 Bb6
51.Bd5+ Ke7 52.Kf5 Ba5 53.c5 Bd8 54.c6 Kf8 55.Bxf7 Kxf7 56.g6+ Ke7 57.g7 Kf7
58.g8=Q+ Kxg8 59.Ke6 Kf8 60.Kd6 Be7+ 61.Kc7 a5  1-0

[Event "Cappelle op"]
[Site "Cappelle la Grande"]
[Date "1992.??.??"]
[Round "7"]
[White "Wall, Tim"]
[Black "Pedzich, Dominik"]
[Result "1/2-1/2"]
[WhiteElo "2265"]
[BlackElo "2385"]

1.d4 Nf6 2.Bg5 Ne4 3.h4 d5 4.Nd2 Nxg5 5.hxg5 e5 6.dxe5 Qxg5 7.Ndf3 Qe7 8.c3 c6
9.Qd4 g6 10.e4 Bg7 11.exd5 cxd5 12.O-O-O Nc6 13.Qxd5 Be6 14.Qd6 Rd8 15.Qxe7+ Kxe7
16.Rxd8 Rxd8 17.Rxh7 Bxe5 18.Nxe5 Nxe5 19.b3 g5 20.f3 Kf6 21.Rh6+ Kg7 22.Rh1 f6
23.Be2 Bf5 24.Rh2 a5 25.g3 Bg6 26.Rf2 Rd3 27.Bf1 Rxc3+ 28.Kb2 Rc7 29.Rd2 Bf7
30.f4 Ng4 31.fxg5 fxg5 32.Nf3 Ne5 33.Be2 Rc5  1/2-1/2

[Event "Cappelle op"]
[Site "Cappelle la Grande"]
[Date "1992.??.??"]
[Round "7"]
[White "Hodgson, Julian M"]
[Black "Hebden, Mark"]
[Result "1-0"]
[WhiteElo "2545"]
[BlackElo "2500"]

1.d4 Nf6 2.Bg5 Ne4 3.h4 c5 4.dxc5 Na6 5.Nd2 Naxc5 6.Ngf3 Qb6 7.Nxe4 Nxe4
8.Qd4 Qxd4 9.Nxd4 a6 10.g3 e5 11.Nb3 d5 12.Bg2 f5 13.Bxe4 fxe4 14.c3 b6 15.O-O-O Be6
16.f3 exf3 17.exf3 Bd6 18.f4 exf4 19.Rhe1 Kd7 20.Bxf4 Bxf4+ 21.gxf4 Rhf8
22.Rd4 Rf5 23.Rb4 b5 24.Nc5+ Kd6 25.Nxe6 Re8 26.Nd4  1-0

[Event "CSR-chT"]
[Site "CSR"]
[Date "1992.??.??"]
[Round "?"]
[White "Obsivac, Josef"]
[Black "Gross, Stefan"]
[Result "0-1"]
[WhiteElo "2275"]
[BlackElo "2385"]

1.d4 Nf6 2.Bg5 Ne4 3.Bh4 c5 4.f3 Nf6 5.dxc5 Qa5+ 6.Nc3 Qxc5 7.e4 d6 8.Qd2 a6
9.Nge2 Nbd7 10.Nf4 e6 11.O-O-O Be7 12.g4 Ne5 13.Be2 g5 14.Bxg5 Nxf3 15.Bxf3 Qxg5
16.h4 Qa5 17.e5 dxe5 18.Nd3 e4 19.Bxe4 Nxg4 20.Qf4 h5 21.Bf3 e5 22.Qe4 f5
23.Qe2 e4 24.Rde1 Rh7 25.Nxe4 fxe4 26.Bxe4 Rg7 27.Kb1 Bd7 28.Bg6+ Kd8 29.Nf4 Qb6
30.Rh3 Bd6 31.Ne6+ Bxe6 32.Qxe6 Qc6 33.Rd3 Kc7 34.Rc3 Bc5 35.b4 Rxg6 36.Qf7+ Kb6
37.Rxc5 Qd6 38.Re7 Rb8 39.Rec7 Ne3 40.a3 Rg1+ 41.Ka2 Rf1 42.Qd7 Qxd7 43.Rxd7 Rf2
44.Rxh5 Rxc2+ 45.Kb3 Rbc8 46.Rd3 Ng2 47.Rf3 R2c4 48.Rh6+ R8c6 49.Rxc6+ Rxc6
50.h5 Rh6 51.Rf5 Kc6 52.b5+ axb5 53.Kb4 b6 54.Rxb5 Nf4 55.Rg5 Nxh5 56.Rg3 Nf6
57.Rc3+ Kb7 58.Rg3 Rh4+ 59.Kb3 Ka6 60.Rg5 Ne4 61.Rg6 Nc5+ 62.Ka2 Rh2+ 63.Kb1 Ka5
64.Rg4 b5  0-1

[Event "EU-chT (Men)"]
[Site "Debrecen"]
[Date "1992.??.??"]
[Round "4"]
[White "Aleksandrov, Aleksej"]
[Black "Lutz, Christopher"]
[Result "0-1"]
[WhiteElo "2460"]
[BlackElo "2540"]

1.d4 Nf6 2.Bg5 Ne4 3.Bh4 c5 4.f3 Qa5+ 5.c3 Nf6 6.Nd2 cxd4 7.cxd4 Nc6 8.Bf2 d5
9.a3 e5 10.b4 Qd8 11.e3 exd4 12.exd4 Bf5 13.g4 Bg6 14.Bb5 Be7 15.Bxc6+ bxc6
16.Nb3 h5 17.g5 Nd7 18.h4 O-O 19.Na5 c5 20.Nc6 Qe8 21.Ne2 cxb4 22.O-O bxa3
23.Nf4 Nb6 24.Nxe7+ Qxe7 25.Qb3 Qd6 26.Nxg6 fxg6 27.Rxa3 Nc4 28.Ra2 Qf4 29.Ra6 Nd2
30.Qxd5+ Kh8 31.Rxg6 Nxf3+  0-1

[Event "EU-chT (Men)"]
[Site "Debrecen"]
[Date "1992.??.??"]
[Round "9"]
[White "Fernandes, Antonio"]
[Black "James, David"]
[Result "1-0"]
[WhiteElo "2440"]
[BlackElo "2275"]

1.d4 Nf6 2.Bg5 Ne4 3.Bh4 d5 4.f3 g5 5.fxe4 gxh4 6.exd5 Qxd5 7.Nc3 Qd6 8.e3 Bh6
9.Qf3 c6 10.a3 Rg8 11.Bc4 Rg7 12.Nge2 Nd7 13.O-O-O Nf6 14.Kb1 Ng4 15.Ne4 Qc7
16.Rd3 f5 17.Nc5 Qd6 18.e4 b6 19.e5 Nxe5 20.dxe5 Qxc5 21.Qh5+ Rg6 22.Nf4 Bxf4
23.Qxh7 Rd6 24.Qg8+ Kd7 25.Rxd6+ exd6 26.e6+ Kc7 27.e7 Bd7 28.Qxa8 Qxc4 29.Qd8+  1-0

[Event "Dortmund op-A"]
[Site "Dortmund"]
[Date "1992.??.??"]
[Round "8"]
[White "Olbrisch, Manfred"]
[Black "Siemers, Joerg"]
[Result "0-1"]
[WhiteElo "2225"]
[BlackElo "2205"]

1.d4 Nf6 2.Bg5 Ne4 3.Bf4 c5 4.d5 d6 5.Nd2 Qa5 6.f3 Nxd2 7.Bxd2 Qc7 8.e4 Nd7
9.c4 g6 10.Bc3 Nf6 11.Bd3 Bg7 12.Ne2 O-O 13.Qd2 a6 14.a4 Bd7 15.a5 e6 16.O-O exd5
17.cxd5 Bb5 18.Rfd1 Rae8 19.Rac1 b6 20.b4 c4 21.Bd4 bxa5 22.bxa5 Nd7 23.Bxg7 Kxg7
24.Qc3+ Ne5 25.Bb1 Kg8 26.f4 Qa7+ 27.Qd4 Qxd4+ 28.Rxd4 Nd3 29.Rc3 f5 30.e5 dxe5
31.fxe5 Rxe5 32.Bxd3 cxd3 33.Ng3 f4 34.Ne4 Rxe4 35.Rxe4 d2 36.Rd4 Re8 37.Kf2 Re1  0-1

[Event "Wch U16 Girls"]
[Site "Duisburg"]
[Date "1992.??.??"]
[Round "4"]
[White "Bartosik, Olimpia"]
[Black "Krupkova, Petra"]
[Result "0-1"]
[WhiteElo "2045"]
[BlackElo "2055"]

1.d4 Nf6 2.Bg5 Ne4 3.Bh4 g5 4.f3 c5 5.fxe4 gxh4 6.e3 Bh6 7.Qd3 Qb6 8.Nc3 Nc6
9.Nge2 Nb4 10.Qd1 Bxe3 11.d5 Qf6 12.Qb1 h3 13.Nd1 Qh4+ 14.Ng3 Bf4 15.Nf2 d6
16.gxh3 Rg8 17.c3 Na6 18.Qc2 Bxg3 19.hxg3 Rxg3 20.O-O-O Nc7 21.Kb1 Bd7 22.Qe2 f6
23.Qe1 O-O-O 24.Be2 h5 25.Ng4 f5 26.Rd3 f4 27.Nf2 Rdg8 28.Bf3 c4  0-1

[Event "Wch U18"]
[Site "Duisburg"]
[Date "1992.??.??"]
[Round "10"]
[White "Danielian, Oganes"]
[Black "Al Modiahki, Mohamad"]
[Result "1-0"]
[WhiteElo "2310"]
[BlackElo "2295"]

1.d4 Nf6 2.Bg5 Ne4 3.Bh4 c5 4.f3 g5 5.fxe4 gxh4 6.e3 Qb6 7.Nc3 e6 8.Qd2 Bh6
9.d5 O-O 10.O-O-O c4 11.Re1 Qc5 12.a4 a6 13.Nf3 b5 14.Qd4 Qb4 15.e5 d6 16.Qxh4 Bg7
17.Bd3 Re8 18.Bxh7+ Kf8 19.Rhf1 Ra7 20.Qd4 Rb7 21.Nh4 Bxe5 22.Ng6+ Kg7 23.Nxe5 dxe5
24.Qh4  1-0

[Event "Forli op"]
[Site "Forli"]
[Date "1992.??.??"]
[Round "8"]
[White "Hodgson, Julian M"]
[Black "Caposciutti, Maurizio"]
[Result "1-0"]
[WhiteElo "2535"]
[BlackElo "2305"]

1.d4 Nf6 2.Bg5 Ne4 3.h4 c5 4.d5 Qb6 5.Nd2 Nxd2 6.Bxd2 Qxb2 7.h5 e6 8.Rh3 c4
9.h6 gxh6 10.dxe6 dxe6 11.Rb1 Qd4 12.e3 Qd5 13.Ne2 Nc6 14.Nf4 Qd6 15.Bxc4 e5
16.Qh5 exf4 17.Qxf7+ Kd8 18.Rh5 Ne5 19.Ba5+ b6 20.Rxe5 Qxe5 21.Rd1+ Bd6 22.Bb4 Bd7
23.Rxd6 Qe7 24.Qd5 Rc8  1-0

[Event "FRA-chT"]
[Site "?"]
[Date "1992.??.??"]
[Round "?"]
[White "Vaisman, Volodia"]
[Black "Miralles, Gilles"]
[Result "0-1"]
[WhiteElo "2390"]
[BlackElo "2470"]

1.d4 Nf6 2.Bg5 Ne4 3.Bf4 c5 4.f3 Nf6 5.d5 Qb6 6.Nc3 Qxb2 7.Bd2 Qb6 8.e4 d6
9.f4 Bg4 10.Be2 Bxe2 11.Qxe2 Nfd7 12.Nf3 g6 13.Rb1 Qc7 14.e5 dxe5 15.fxe5 Bg7
16.d6 Qc6 17.dxe7 Kxe7 18.O-O h6 19.Qc4 Nb6 20.Qh4+ g5 21.Qg3 N8d7 22.Rbe1 Raf8
23.Ne4 Kd8 24.Nd6 Rhg8 25.Ba5 Bh8 26.Nd2 Bxe5 27.Rxe5 Qxd6 28.Rfe1 Nxe5 29.Rxe5 Rg6
30.Bc3 Re8 31.Rxe8+ Kxe8  0-1

[Event "Peer Gynt"]
[Site "Gausdal"]
[Date "1992.??.??"]
[Round "8"]
[White "Berg, Klaus"]
[Black "Dannevig, Oystein"]
[Result "0-1"]
[WhiteElo "2405"]
[BlackElo "2290"]

1.d4 Nf6 2.Bg5 Ne4 3.Bh4 c5 4.Nd2 Nxd2 5.Qxd2 cxd4 6.Nf3 Nc6 7.Nxd4 Qb6 8.O-O-O Nxd4
9.Qxd4 Qxd4 10.Rxd4 h6 11.e4 g5 12.Bg3 Bg7 13.e5 O-O 14.h4 d6 15.hxg5 hxg5
16.Rd5 dxe5 17.Bxe5 Be6 18.Rb5 f6 19.Bc3 b6 20.Be2 Bf7 21.Bb4 Rfe8 22.Bf3 Rac8
23.Kb1 Bg6 24.Bc3 e6 25.Rd1 Red8 26.Rxd8+ Rxd8 27.Rb4 e5 28.Rc4 Rd7 29.Kc1 f5
30.Rc8+ Kh7 31.Bc6 Rf7 32.Bd5 Rd7 33.Bg8+ Kh6 34.Rc6 Kh5 35.f3 g4 36.fxg4+ fxg4
37.b4 Bf7 38.Bh7 Bd5 39.Bg6+ Kh4 40.Be1+ g3 41.Rc3 Bh6+ 42.Kb2 Bf4 43.Rd3 Bc6
44.Rxd7 Bxd7 45.Be4 b5 46.a4 bxa4 47.c4 Kg4 48.c5 Be3 49.c6 Bc8 50.Bc2 Kf4
51.Bxa4 e4 52.Bb5 Bg4 53.Kc2 Bb6 54.Bc4 e3 55.Bd3 Be6 56.b5 Bd5 57.Bb4 Bxg2
58.Bd6+ Kf3 59.Bb4 Bh3 60.Bc4 Bf5+  0-1

[Event "Peer Gynt"]
[Site "Gausdal"]
[Date "1992.??.??"]
[Round "9"]
[White "Jansa, Vlastimil"]
[Black "Dannevig, Oystein"]
[Result "1-0"]
[WhiteElo "2455"]
[BlackElo "2290"]

1.d4 Nf6 2.Bg5 Ne4 3.Bf4 c5 4.d5 Qb6 5.Qc1 e6 6.dxe6 fxe6 7.Nf3 Be7 8.e3 O-O
9.Be2 Nc6 10.O-O d5 11.h3 Rxf4 12.exf4 c4 13.Nc3 Ng3 14.Re1 Bc5 15.Nd1 Bd7
16.Ne3 Ne4 17.Ng5 Nf6 18.Bf1 Rf8 19.b3 cxb3 20.axb3 e5 21.fxe5 Nxe5 22.Qd2 Kh8
23.b4 Bxb4 24.c3 Bc5 25.Rab1 Qd6 26.Qd1 h6 27.Nf3 Nxf3+ 28.gxf3 b6 29.Bg2 Be6
30.Nc2 Nh5 31.Nd4 Nf4 32.Nxe6 Nxe6 33.Qc2 Nf4 34.Bf1 Qf6 35.Kh1 Ng6 36.Qd2 Bd6
37.f4 Nxf4 38.Re3 Bc5 39.Rf3  1-0

[Event "Oberliga Nord N9192"]
[Site "Germany"]
[Date "1992.??.??"]
[Round "?"]
[White "Hansen, Mads Smith"]
[Black "Korneev, Oleg"]
[Result "1-0"]
[WhiteElo "2345"]
[BlackElo "2405"]

1.d4 Nf6 2.Bg5 Ne4 3.h4 h6 4.Bf4 d5 5.e3 c5 6.c3 Nc6 7.Bd3 e6 8.Bxe4 dxe4
9.Nd2 Qd5 10.Qc2 cxd4 11.exd4 e5 12.dxe5 Bf5 13.Ne2 Be7 14.Qb3 Qd3 15.Qxb7 Rc8
16.Ng3 Be6 17.Ndxe4 O-O 18.Rd1 Qc2 19.O-O Bxh4 20.Nd6 Qa4 21.Nxc8 Bxc8 22.Qc7 Ba6
23.c4 Qxc4 24.Nh5 Rc8 25.Qd7 Qc2 26.Qg4 g5 27.Rc1 Qe2 28.Nf6+ Kg7 29.Qf5 Qd3
30.Qxd3 Bxd3 31.Rfd1 Bf5 32.Rd6 gxf4 33.Rcxc6 Rb8 34.Nh5+ Kf8 35.b3 Be6 36.Nxf4 Bf5
37.Rxh6 Bd8 38.e6 Kg7 39.Rh5 Bg4 40.Rd5 Be7 41.Rd7 Kf8 42.Rcc7 Re8 43.Nd5  1-0

[Event "Verbandsliga Nord Baden"]
[Site "Germany"]
[Date "1992.??.??"]
[Round "?"]
[White "Link, Thomas"]
[Black "Jacob, Volker"]
[Result "1/2-1/2"]
[WhiteElo "2290"]
[BlackElo "2240"]

1.d4 Nf6 2.Bg5 Ne4 3.Bf4 d5 4.Nd2 Nxd2 5.Qxd2 c5 6.e3 Nc6 7.Nf3 e6 8.Be2 Be7
9.O-O O-O 10.Rfd1 b6 11.c4 dxc4 12.dxc5 Qxd2 13.Rxd2 c3 14.bxc3 Bxc5 15.Bd6 Bxd6
16.Rxd6 Bb7 17.Rd7 Na5 18.Ne5 Rac8 19.Rc1 Rc5 20.Rxb7 Nxb7 21.Nd7 Rd8 22.Nxc5 Nxc5
23.Rc2 Kf8 24.Kf1 Ke7 25.Ke1 Rd6 26.f4 Rd8 27.Rd2 Rxd2 28.Kxd2 Kd6 29.Bf3 h6
30.g3 f6 31.Kc2 Na6 32.Kd3 Kc5 33.Be2 Nc7 34.Kc2 Ne8 35.Bg4 e5 36.fxe5 fxe5
37.Be6 Nd6 38.Kd3 b5 39.Bg8 Kc6 40.Be6 Kc5 41.Bg8  1/2-1/2

[Event "Bundesliga 9192"]
[Site "Germany"]
[Date "1992.??.??"]
[Round "?"]
[White "Gerstner, Wolfgang"]
[Black "Schaefer, Markus"]
[Result "1/2-1/2"]
[WhiteElo "2405"]
[BlackElo "2430"]

1.d4 Nf6 2.Bg5 Ne4 3.Bf4 d5 4.Nd2 Nxd2 5.Qxd2 e6 6.e3 Nd7 7.Bd3 Bd6 8.Nf3 Qe7
9.O-O O-O 10.Rfe1 c5 11.c3 e5 12.dxe5 Nxe5 13.Nxe5 Bxe5 14.Bxe5 Qxe5 15.e4 dxe4
16.Rxe4 Qf6 17.Qe3 b6 18.Rf4 Qh6 19.Qe4 Bb7 20.Qf5 Rad8 21.Be4 Bd5 22.Bxd5 Rxd5
23.Qxd5 Qxf4 24.Re1 Qc7 25.Rd1 Re8 26.g3 g6 27.Rd2  1/2-1/2

[Event "BL2-S9192"]
[Site "Germany"]
[Date "1992.??.??"]
[Round "?"]
[White "Werner, Clemens"]
[Black "Migl, Dieter"]
[Result "1/2-1/2"]
[WhiteElo "2265"]
[BlackElo "2285"]

1.d4 Nf6 2.Bg5 Ne4 3.Bf4 d5 4.Nd2 Bf5 5.e3 e6 6.Bd3 Nxd2 7.Qxd2 Bxd3 8.Qxd3 c5
9.Nf3 Nc6 10.O-O cxd4 11.Nxd4 Rc8 12.Nxc6 bxc6 13.c4 Bc5 14.Rac1 O-O  1/2-1/2

[Event "BL2-S9192"]
[Site "Germany"]
[Date "1992.??.??"]
[Round "?"]
[White "Werner, Clemens"]
[Black "Gruenenwald, Joerg"]
[Result "1/2-1/2"]
[WhiteElo "2265"]
[BlackElo "2330"]

1.d4 Nf6 2.Bg5 Ne4 3.Bf4 c5 4.f3 Nf6 5.dxc5 Qa5+ 6.Nc3 Qxc5 7.e4 Nh5 8.Bd2 d6
9.Nd5 Bd7 10.Be3 Qc8 11.c4 e6 12.Nc3 Nf6 13.Qd2 a6 14.Bf4 Qc5 15.Rd1 e5 16.Be3 Qc7
17.Bg5 Be6 18.Bxf6 gxf6 19.Nd5 Bxd5 20.cxd5 h5 21.Rc1 Qb6 22.Rc8+ Kd7 23.Qc3 Bg7
24.Rxh8 Bxh8 25.Ne2 f5 26.g3 Kd8 27.Bh3 Nd7 28.Bxf5 Bf6 29.Qd2 Nc5 30.Kf1 Ke7
31.h4 Rh8 32.Kg2 a5 33.Rb1 Qa6 34.Nc3 Qc4 35.Qe2 b5 36.Re1 Rb8 37.Bh3 Rg8
38.Kh2 a4 39.Rc1 Rb8 40.Bf1 Qxe2+ 41.Bxe2 b4 42.Nd1 Bg7 43.Rc4 Bh6 44.Kg2 f6
45.Kf2 Kf7 46.Ne3 Bxe3+ 47.Kxe3 Kg6 48.f4 Kh6 49.Kf3 Rb7 50.fxe5 fxe5 51.Kg2 Rb8
52.Kh3 Rb7 53.g4 hxg4+ 54.Kxg4 Rg7+ 55.Kf3 Rb7 56.Ke3 Rb8 57.Bg4 b3 58.a3 Rf8
59.Bf3 Rb8 60.Be2 Kh7 61.Rc1 Rg8 62.Rf1 Rg3+ 63.Rf3 Rg1 64.Rf1 Rg3+ 65.Bf3 Kh6
66.Rc1 Rg8 67.Rh1 Rg3 68.Ke2 Rg8 69.Rc1 Rg7 70.Rd1 Rg3 71.Rh1 Rg7 72.Ke3 Rg3
73.Ke2 Rg7 74.Rc1 Rg3 75.Rh1 Rg7 76.h5 Rg3 77.Kf2 Rg7 78.Ke2 Rg3 79.Ke3 Rg7
80.Ke2 Rg3 81.Kf2  1/2-1/2

[Event "BL2-S9192"]
[Site "Germany"]
[Date "1992.??.??"]
[Round "?"]
[White "Werner, Clemens"]
[Black "Becker, Marc"]
[Result "1/2-1/2"]
[WhiteElo "2265"]
[BlackElo "2330"]

1.d4 Nf6 2.Bg5 Ne4 3.Bf4 c5 4.f3 Qa5+ 5.c3 Nf6 6.Nd2 cxd4 7.Nb3 Qd8 8.Bxb8 Rxb8
9.Qxd4 a6 10.e4 d6 11.f4 g6 12.e5 dxe5 13.Qxe5 Ra8 14.Nf3 Bg7 15.Rd1 Qb6
16.Qd4 Qxd4 17.Nbxd4 O-O 18.g3 Ng4 19.Rd2 b5 20.Bh3 Ne3 21.Bxc8 Rfxc8 22.Re2 Nd5
23.Kf2 e6 24.Rd1 Rc7 25.Ne5 Rac8 26.Ndf3 h6 27.Red2 Bf8 28.Nd3 a5 29.Nfe5 Nb6
30.Ng4 b4 31.cxb4 axb4 32.Ne3 Ra8 33.Rc1 Rd7 34.Rc6 Nc8 35.b3 Na7 36.Rc4 Rad8
37.Ke2 Nb5 38.Nf1 Nc3+ 39.Ke3 Nxa2 40.Ne5 Rxd2 41.Nxd2 Nc3 42.Nc6 Ra8 43.Kd3 Nd5
44.Rc2 Ra1 45.Nc4 Rd1+ 46.Rd2 Rh1 47.Ne3 Nxe3 48.Kxe3 Rb1 49.Rd3 g5 50.Kf3 gxf4
51.gxf4 h5 52.Kg2 Rb2+ 53.Kh3 Bh6 54.Rf3 Kg7 55.Nxb4 Kf6 56.Kg3 Kf5 57.h4 Rb1
58.Nc2 Rg1+ 59.Kf2 Rc1 60.Nd4+ Kf6 61.Ne2 Rc2 62.Re3 Rb2 63.Kf3 Bf8 64.Ng3 Kg6
65.Ne4 Rb1 66.Nd2 Rh1 67.Kg3 Rg1+ 68.Kf3 Be7 69.Ke4 Rg4 70.Nf3 f6 71.Nh2 Rxh4
72.Rg3+ Kf7 73.Nf3 Rh1 74.f5 exf5+ 75.Kxf5 h4 76.Rg1 Rxg1  1/2-1/2

[Event "Helsinki op"]
[Site "Helsinki"]
[Date "1992.??.??"]
[Round "8"]
[White "Levitina, Irina S"]
[Black "Yrjola, Jouni"]
[Result "1-0"]
[WhiteElo "2415"]
[BlackElo "2460"]

1.d4 Nf6 2.Bg5 Ne4 3.Bf4 c5 4.f3 Nf6 5.d5 Qb6 6.Bc1 e6 7.c4 d6 8.e4 g6 9.Ne2 Bg7
10.Nec3 O-O 11.Be2 Na6 12.O-O Bd7 13.Kh1 e5 14.f4 exf4 15.Rxf4 Qd8 16.Rf1 Qe7
17.Bg5 h6 18.Bh4 g5 19.Bg3 Ne8 20.Nd2 Be5 21.Bxe5 Qxe5 22.Bg4 Nb8 23.Bf5 Ng7
24.Qg4 Qe7 25.Rae1 f6 26.Qg3 Be8 27.Nb5 Bxb5 28.cxb5 a6 29.b6 Nd7 30.Bxd7 Qxd7
31.Nc4 Rad8 32.h4 Qe7 33.Qh2 h5 34.Qg3 Kh7 35.hxg5 fxg5 36.Rxf8 Qxf8 37.Qxg5 Qf2
38.Re3 Rf8 39.Rg3 Qf6 40.Qxf6 Rxf6 41.Rf3  1-0

[Event "Helsinki op"]
[Site "Helsinki"]
[Date "1992.??.??"]
[Round "9"]
[White "Vyzmanavin, Alexey"]
[Black "Neverov, Valeriy"]
[Result "1/2-1/2"]
[WhiteElo "2580"]
[BlackElo "2490"]

1.d4 Nf6 2.Bg5 Ne4 3.Bh4 c5 4.d5 Qb6 5.Qc1 e6 6.dxe6 dxe6 7.Nf3 Nc6 8.e3 Be7
9.Bxe7 Nxe7 10.Bd3 Nd6 11.c4 Bd7 12.O-O Bc6 13.Nbd2 Bxf3 14.Nxf3 O-O 15.Qc3 f6
16.Rad1 Rad8 17.a3 e5 18.Qc2 g6 19.Rd2 Nf7 20.Rfd1  1/2-1/2

[Event "HUN-chT"]
[Site "HUN"]
[Date "1992.??.??"]
[Round "?"]
[White "Donka, Peter"]
[Black "Ragats, Jozsef"]
[Result "1-0"]
[WhiteElo "2315"]
[BlackElo "2215"]

1.d4 Nf6 2.Bg5 Ne4 3.Bh4 d5 4.f3 Nd6 5.Nc3 Nf5 6.Bf2 e6 7.e4 Ne7 8.Bd3 Nbc6
9.a3 g6 10.Nge2 Bh6 11.h4 Bg7 12.h5 h6 13.hxg6 Nxg6 14.Qd2 Nce7 15.O-O-O h5
16.Kb1 b6 17.Rh2 Bb7 18.Rdh1 Qd7 19.Rxh5 Rxh5 20.Rxh5 O-O-O 21.e5 Kb8 22.f4 Qc8
23.g4 Rh8 24.Rxh8 Qxh8 25.f5 exf5 26.gxf5 Bh6 27.Be3 Bxe3 28.Qxe3 Nh4 29.Qg5 Nc8
30.f6 Nf3 31.Qg7 Qe8 32.Bf5 c5 33.e6 Nd6 34.Qg3 Nd2+ 35.Ka2 Nc4 36.b3 Ka8
37.Bh3 Ba6 38.Nxd5 Kb7 39.Bg2 Kc8  1-0